Countries with Current Federal Dominant-Party Systems Quiz Stats

 Plays Quiz not verified by Sporcle

Score 0/39 Timer 05:00
0 Plays Today
In Power Since Country % Correct
2003Russia
78%
1994South Africa
72%
1975Angola
66%
1980Zimbabwe
66%
1999Kazakhstan
64%
1989Uzbekistan
63.9%
1960Cameroon
62%
1959Singapore
62%
1961Tanzania
60%
1986Uganda
58%
1963Syria
58%
1992Tajikistan
56%
1990Yemen
56%
2002Turkey
56%
1991Ethiopia
54%
1975Mozambique
54%
1999Venezuela
54%
1990Chad
52%
1993Sudan
52%
1969Togo
52%
In Power Since Country % Correct
1985Cambodia
52%
1996The Gambia
50%
1990Namibia
50%
1994Rwanda
50%
1997Republic of Congo
48%
1987Equatorial Guinea
48%
1999Nigeria
48%
1998Armenia
48%
1993Azerbaijan
48%
1957Malaysia
46%
1958Gabon
42%
1965Botswana
38%
2011South Sudan
38%
1979Djibouti
36%
1991Burkina Faso
32%
2002Madagascar
30.6%
1977Seychelles
24%
1982Samoa
20%
1945/1991Montenegro
20%

You're not logged in!

Compare scores with friends on all Sporcle quizzes.
OR
Log In

Show Comments

Extras

Top Quizzes Today


Score Distribution

Your Account Isn't Verified!

In order to create a playlist on Sporcle, you need to verify the email address you used during registration. Go to your Sporcle Settings to finish the process.

Report this User

Report this user for behavior that violates our Community Guidelines.

Details: